000 00358nam a2200157Ia 4500
003 Ost
005 20260225132554.0
008 260225s9999||||xx |||||||||||||| ||und||
040 _cfsic
041 _afre
082 _a440
100 _aPhilippe Breton
_eAuteur
245 0 _aL'utopie de la communication /
245 0 _cPhilippe Breton
942 _cكتاب
999 _c34329
_d34329